U.S. Cities That Aren't at Their Peak - Statistics

General Stats
  • This quiz has been taken 18 times
    5 since last reset
  • The average score is 76 of 200
Answer Stats
Peak 2020 ST Answer % Correct
290,351 190,469 OH Akron
100%
949,708 585,708 MD Baltimore
100%
229,493 227,470 LA Baton Rouge
100%
340,887 200,733 AL Birmingham
100%
801,444 675,647 MA Boston
100%
580,132 278,349 NY Buffalo
100%
3,620,962 2,746,388 IL Chicago
100%
503,998 309,317 OH Cincinnati
100%
914,808 372,624 OH Cleveland
100%
1,849,568 639,111 MI Detroit
100%
89,544 50,099 PA Harrisburg
100%
202,895 153,701 MS Jackson
100%
55,187 31,309 MI Jackson
100%
131,403 112,644 MI Lansing
100%
650,100 633,104 TN Memphis
100%
741,324 577,222 WI Milwaukee
100%
521,718 429,954 MN Minneapolis
100%
203,627 187,041 AL Mobile
100%
205,764 200,603 AL Montgomery
100%
442,337 311,549 NJ Newark
100%
164,443 134,023 CT New Haven
100%
627,525 383,997 LA New Orleans
100%
2,071,605 1,603,797 PA Philadelphia
100%
676,806 302,971 PA Pittsburgh
100%
253,504 190,934 RI Providence
100%
249,621 226,610 VA Richmond
100%
332,488 211,328 NY Rochester
100%
143,433 76,328 PA Scranton
100%
205,820 187,593 LA Shreveport
100%
174,463 155,929 MA Springfield
100%
116,250 114,394 IL Springfield
100%
82,723 58,662 OH Springfield
100%
856,796 301,578 MO St. Louis
100%
313,411 311,527 MN St. Paul
100%
220,583 148,620 NY Syracuse
100%
383,818 270,871 OH Toledo
100%
128,009 90,871 NJ Trenton
100%
802,178 689,545 DC Washington
100%
134,995 99,224 NY Albany
50%
78,350 69,647 GA Albany
50%
51,648 45,275 LA Alexandria
50%
82,054 43,963 PA Altoona
50%
66,198 38,497 NJ Atlantic City
50%
197,899 180,542 IL Aurora
50%
53,604 32,661 MI Bay City
50%
50,644 49,449 MS Biloxi
50%
80,674 47,969 NY Binghamton
50%
80,405 79,168 IN Bloomington
50%
158,709 148,654 CT Bridgeport
50%
120,740 118,403 MA Cambridge
50%
124,555 71,791 NJ Camden
50%
116,912 70,872 OH Canton
50%
85,796 48,864 WV Charleston
50%
65,252 40,961 KY Covington
50%
103,264 101,724 IA Davenport
50%
262,332 137,644 OH Dayton
50%
112,007 109,976 MI Dearborn
50%
80,069 63,292 MI Dearborn Heights
50%
94,081 70,522 IL Decatur
50%
62,374 59,667 IA Dubuque
50%
107,312 86,697 MN Duluth
50%
57,669 26,370 IN East Chicago
50%
138,440 94,831 PA Erie
50%
79,808 78,110 IL Evanston
50%
141,543 117,298 IN Evansville
50%
120,485 94,000 MA Fall River
50%
196,940 81,252 MI Flint
50%
178,320 69,093 IN Gary
50%
72,345 63,399 OH Hamilton
50%
111,698 77,879 IN Hammond
50%
146,436 137,148 VA Hampton
50%
177,397 121,054 CT Hartford
50%
371,657 350,964 HI Honolulu
50%
86,353 46,842 WV Huntington
50%
316,715 292,449 NJ Jersey City
50%
67,327 18,411 PA Johnstown
50%
85,555 73,598 MI Kalamazoo
50%
168,213 156,607 KS Kansas City
50%
70,509 50,942 OH Lakewood
50%
63,774 59,039 PA Lancaster
50%
110,109 95,535 MI Livonia
50%
78,185 65,211 OH Lorain
50%
102,320 101,253 MA Lynn
50%
57,597 47,702 LA Monroe
50%
76,460 65,194 IN Muncie
50%
121,217 101,079 MA New Bedford
50%
102,394 48,671 NY Niagara Falls
50%
307,951 238,005 VA Norfolk
50%
126,963 113,150 IL Peoria
50%
57,879 43,927 MA Pittsfield
50%
77,634 68,408 ME Portland
50%
114,773 97,915 VA Portsmouth
50%
95,162 77,816 WI Racine
50%
111,171 95,112 PA Reading
50%
100,220 100,011 VA Roanoke
50%
152,871 148,655 IL Rockford
50%
51,863 37,108 IL Rock Island
50%
98,265 44,202 MI Saginaw
50%
149,245 147,780 GA Savannah
50%
95,692 67,047 NY Schenectady
50%
50,792 49,929 WI Sheboygan
50%
89,159 85,797 IA Sioux City
50%
132,445 103,453 IN South Bend
50%
127,473 126,269 KS Topeka
50%
101,740 65,283 NY Utica
50%
179,260 139,387 MI Warren
50%
63,494 39,201 OH Warren
50%
87,123 82,823 RI Warwick
50%
61,659 27,052 WV Wheeling
50%
86,626 44,328 PA Wilkes-Barre
50%
112,504 70,898 DE Wilmington
50%
59,953 44,800 PA York
50%
170,002 60,068 OH Youngstown
50%
85,035 82,868 CA Alhambra
0%
291,826 291,247 AK Anchorage
0%
70,787 54,788 IN Anderson
0%
75,681 72,176 CA Baldwin Park
0%
88,979 71,686 NJ Bayonne
0%
119,175 115,282 TX Beaumont
0%
66,039 32,605 PA Chester
0%
66,676 55,560 MA Chicopee
0%
85,993 85,268 IL Cicero
0%
61,813 45,312 OH Cleveland Heights
0%
96,455 95,740 CA Compton
0%
53,056 42,590 VA Danville
0%
53,041 51,428 CA Delano
0%
56,776 55,072 CA Diamond Bar
0%
51,392 47,741 MI East Lansing
0%
79,340 69,612 NJ East Orange
0%
50,980 47,139 RI East Providence
0%
82,366 18,469 IL East St. Louis
0%
116,102 109,450 CA El Monte
0%
57,538 52,656 OH Elyria
0%
71,552 49,692 OH Euclid
0%
65,908 52,533 MO Florissant
0%
58,088 33,945 AL Gadsden
0%
67,175 53,695 TX Galveston
0%
56,268 28,433 MI Hamtramck
0%
224,669 223,109 FL Hialeah
0%
52,959 8,977 MI Highland Park
0%
70,324 60,419 NJ Hoboken
0%
60,203 38,238 MA Holyoke
0%
61,303 54,883 CA Huntington Park
0%
112,276 107,762 CA Inglewood
0%
72,134 66,448 LA Kenner
0%
69,599 57,862 OH Kettering
0%
94,270 89,143 MA Lawrence
0%
96,867 90,381 OK Lawton
0%
53,734 35,579 OH Lima
0%
53,933 40,245 MI Lincoln Park
0%
70,202 67,265 CA Lynwood
0%
55,047 47,534 OH Mansfield
0%
55,355 17,727 PA McKeesport
0%
66,113 59,659 MA Medford
0%
50,278 47,450 OH Mentor
0%
60,868 60,850 CT Meriden
0%
96,298 82,890 FL Miami Beach
0%
124,656 111,640 FL Miami Gardens
0%
51,863 50,987 OH Middletown
0%
51,271 50,558 CT Milford
0%
76,010 73,893 NY Mount Vernon
0%
58,582 56,173 CA National City
0%
83,441 74,135 CT New Britain
0%
92,384 88,923 MA Newton
0%
105,549 102,773 CA Norwalk
0%
60,590 58,362 IL Oak Lawn
0%
66,015 54,583 IL Oak Park
0%
68,557 67,908 IL Palatine
0%
54,899 53,733 CA Paramount
0%
100,216 81,146 OH Parma
0%
81,436 75,604 RI Pawtucket
0%
59,507 54,312 FL Pensacola
0%
63,401 62,088 CA Pico Rivera
0%
57,400 41,253 AR Pine Bluff
0%
85,279 61,606 MI Pontiac
0%
66,676 56,039 TX Port Arthur
0%
59,302 54,341 NC Rocky Mount
0%
51,646 32,127 NY Rome
0%
53,764 51,185 CA Rosemead
0%
60,529 47,710 MI Roseville
0%
86,238 58,211 MI Royal Oak
0%
337,707 310,227 CA Santa Ana
0%
68,322 67,824 IL Skokie
0%
103,908 81,045 MA Somerville
0%
78,389 76,618 MI Southfield
0%
96,317 92,726 CA South Gate
0%
88,093 58,874 MI St. Clair Shores
0%
102,979 72,473 MO St. Joseph
0%
77,568 63,409 MI Taylor
0%
71,786 58,389 IN Terre Haute
0%
56,703 55,971 IL Tinley Park
0%
76,813 51,401 NY Troy
0%
51,249 35,065 MO University City
0%
75,985 67,314 IA Waterloo
0%
58,676 48,387 WI Wauwatosa
0%
71,723 60,325 WI West Allis
0%
86,749 85,420 MI Westland
0%
55,339 53,970 IL Wheaton
0%
104,553 102,316 TX Wichita Falls
0%
50,211 43,240 RI Woonsocket
0%
No matching quizzes found
Score Distribution
Percent of People with Each Score
Percentile by Number Answered
Your Score History
You have not taken this quiz since the last reset